ბათუმის შოთა რუსთაველის სახელმწიფო უნივერსიტეტის ბიბლიოთეკა

Cases and materials on international law / (ბიბ.ჩანაწერი № 59560)

000 -LEADER
fixed length control field 00937cam a2200241 a 4500
001 - CONTROL NUMBER
control field 2844474
005 - DATE AND TIME OF LATEST TRANSACTION
control field 20230314170653.0
008 - FIXED-LENGTH DATA ELEMENTS--GENERAL INFORMATION
fixed length control field 840806s1998 enk b 001 0 eng
020 ## - INTERNATIONAL STANDARD BOOK NUMBER
International Standard Book Number 042153470x
041 ## - LANGUAGE CODE
Language code of text/sound track or separate title eng
080 ## - UNIVERSAL DECIMAL CLASSIFICATION NUMBER
Universal Decimal Classification number 341.4 H-30
100 1# - MAIN ENTRY--PERSONAL NAME
Personal name Harris, D. J.
Fuller form of name (David John)
9 (RLIN) 17210
245 10 - TITLE STATEMENT
Title Cases and materials on international law /
Statement of responsibility, etc. D.J. Harris.
250 ## - EDITION STATEMENT
Edition statement Fifth edition
264 ## - PRODUCTION, PUBLICATION, DISTRIBUTION, MANUFACTURE, AND COPYRIGHT NOTICE
Place of production, publication, distribution, manufacture London :
Name of producer, publisher, distributor, manufacturer Sweet & Maxwell,
Date of production, publication, distribution, manufacture, or copyright notice 1998.
300 ## - PHYSICAL DESCRIPTION
Extent 1123 p. ;
Dimensions 24 cm.
500 ## - GENERAL NOTE
General note "Charter of the United Nations": p. 748-770.
500 ## - GENERAL NOTE
General note "Statute of the International Court of Justice": p. 770-780.
504 ## - BIBLIOGRAPHY, ETC. NOTE
Bibliography, etc. note Includes bibliographical references and indexes.
653 ## - INDEX TERM--UNCONTROLLED
keyword Საერთაშორისო სამართალი
653 ## - INDEX TERM--UNCONTROLLED
keyword საქმეები და მასალები საერთაშორისო სამართლის შესახებ
942 ## - ADDED ENTRY ELEMENTS (KOHA)
Source of classification or shelving scheme
Koha item type წიგნი
ეგზემპლარები
Withdrawn status Lost status Source of classification or shelving scheme Damaged status Not for loan Permanent Location Current Location Shelving location Date acquired Cost, normal purchase price Full call number Barcode Date last seen Copy number Price effective from Koha item type Public note
          ბათუმის შოთა რუსთაველის სახელმწიფო უნივერსიტეტის მთავარი ბიბლიოთეკა ბათუმის შოთა რუსთაველის სახელმწიფო უნივერსიტეტის მთავარი ბიბლიოთეკა წიგნსაცავი 2023-03-14 12.00 341.4 H-30 64035 2023-03-14 64035 2023-03-14 წიგნი 12 ლ.